|
|
|
|
| LEADER |
01298nam a22003012a 4500 |
| 001 |
000384696 |
| 003 |
CZ BrMZK |
| 005 |
20141218133339.0 |
| 008 |
010907s1976 xo f cze d |
| 040 |
|
|
|a BOA001
|b cze
|c BOA002
|
| 041 |
1 |
|
|a cze
|h und
|
| 100 |
1 |
|
|a Leary, Timothy,
|d 1920-1996
|7 jn19990004932
|4 aut
|
| 245 |
1 |
0 |
|a Dotazník interpersonální diagnózy - ICL :
|b příručka pro administraci, interpretaci a vyhodnocování testu /
|c T. Leary, R. L. La Forge, R. F. Suczek ; dle originálních materiálů zpracovali: Jiří Kožený a Pavel Ganický
|
| 260 |
|
|
|a Bratislava :
|b Psychodiagnostické a didaktické testy,
|c 1976
|
| 300 |
|
|
|a 97 s., [2] příl. na vol. listech +
|e Testový sešit
|
| 490 |
1 |
|
|a T-113/1976
|
| 500 |
|
|
|a Není uvedeno, v jakém jazyce je publikován originál
|
| 500 |
|
|
|a Rozmnoženo
|
| 504 |
|
|
|a Bibliografie na s. 93-97
|
| 700 |
1 |
|
|a Kožený, Jiří,
|d 1938-
|7 nlk20030130453
|4 aut
|
| 700 |
1 |
|
|a La Forge, R. L.
|
| 700 |
1 |
|
|a Suczek, Robert L.
|4 aut
|
| 700 |
1 |
|
|a Ganický, Pavel
|7 mzk2014852848
|4 aut
|
| 830 |
|
0 |
|a T-113/1976
|
| 910 |
|
|
|a BOA001
|b PK-N-0022.094
|
| 964 |
|
|
|a Osobnost - chování interpersonální - testy - příručky
|
| 990 |
|
|
|a BK
|
| 996 |
7 |
|
|b 3119815327
|c PK-N-0022.094
|l MZK
|r Sklad / do 1 hodiny
|n 84
|w 000384696
|u 000010
|a 1
|e BOA001
|j MZK50
|s A
|